000 00865nam a22002057a 4500
999 _c1415
_d1415
003 AR-CdUCM
008 190227b ||||| |||| 00| 0 spa d
040 _aMUNICIPALIDAD PROVINCIAL DEL CUSCO
_cBIBLIOTECA MUNICIPAL DEL CUSCO
082 _a985.61 /
_bG52
100 _aGlave Testino, Luis Miguel
_91295
245 _aPáginas cuzqueñas :
_bespacios públicos y opinión en una ciudad republicana (1830-1839) /
260 _aCusco :
_bMunicipalidad Provincial,
_c2000.
300 _a90 páginas ;
_c20 cm.
505 _aMitos y realidad de los chunchos (1830) -- Tensión entre Perú y Bolivia (1832) -- Juan O'Brien un irlandes en los Andes (1835) -- Periódicos cuzqueños del siglo XIX.
650 _aHistoria cusqueña
_95374
650 _aPrensa cusqueña
_95375
650 _aHistoria Republicana
_95376
942 _2ddc
_cLIBROS
945 _araen
_d2019-02-27